00000000nam##2200000za#4500
0019.649010
003CaOODSP
00520200401060231
007ta
008150407|2003||||xxc|||||     f|0| 0 eng|d
040 |aCaOODSP|beng
043 |an-cn---
0861 |aRC31-17/2003E
1101 |aCanada.|bIndian Claims Commission.
24510|aMississaugas of the New Credit First Nation Inquiry, Toronto Purchase Claim / |cPanel: Commissioner Daniel J. Bellegarde.
2461 |aMississaugas of the New Credit First Nation: Report on: Toronto Purchase Claim
260 |aOttawa - Ontario : |bIndian Claims Commission |c2003.
300 |a[2], 31, [4]p. : |bcoloured map ; |c28 cm.
563 |aSpiral binding
590 |a03-39|b2003-09-26
69007|aIndigenous peoples|2gcpds
69007|aClaims|2gcpds
77508|tEnquête sur la Première Nation des Mississaugas de la New Credit, revendication relative à l'achat de Toronto / |w(CaOODSP)9.682241
7760#|tMississaugas of the New Credit First Nation Inquiry, Toronto Purchase Claim / |w(CaOODSP)9.686678